La Provincia de Corrientes en los siglos XVI y XVII (Record no. 12760)
[ view plain ]
| 000 -LEADER | |
|---|---|
| campo de control de longitud fija | 01276nam a2200301 i 4500 |
| 001 - NÚMERO DE CONTROL | |
| campo de control | 12760 |
| 003 - IDENTIFICADOR DE NÚMERO DE CONTROL | |
| campo de control | ES-MaACL |
| 005 - FECHA Y HORA DE LA ÚLTIMA TRANSACCIÓN | |
| campo de control | 20230906150406.0 |
| 007 - CAMPO FIJO DE DESCRIPCIÓN FÍSICA--INFORMACIÓN GENERAL | |
| campo de control de longitud fija | t| |
| 008 - DATOS DE LONGITUD FIJA--INFORMACIÓN GENERAL | |
| campo de control de longitud fija | 900528s1988 sp bf |||| | spa j |
| 020 ## - NÚMERO INTERNACIONAL ESTÁNDAR DEL LIBRO | |
| Número Internacional Estándar del Libro | 84-00-06867-X |
| 080 ## - NÚMERO DE LA CLASIFICACIÓN DECIMAL UNIVERSAL | |
| Número de la Clasificación Decimal Universal | 325.4(822.2)"15/16" |
| 080 ## - NÚMERO DE LA CLASIFICACIÓN DECIMAL UNIVERSAL | |
| Número de la Clasificación Decimal Universal | 316.732(822.2)"15/16" |
| 080 ## - NÚMERO DE LA CLASIFICACIÓN DECIMAL UNIVERSAL | |
| Número de la Clasificación Decimal Universal | 323.1(822.2)"15/16" |
| 100 1# - ENTRADA PRINCIPAL--NOMBRE DE PERSONA | |
| Nombre de persona | Cañedo-Argüelles Fábrega, Teresa. |
| 9 (RLIN) | 34745 |
| 245 13 - MENCIÓN DEL TÍTULO | |
| Título | La Provincia de Corrientes en los siglos XVI y XVII |
| Resto del título | : un modelo de colonización en el alto Paraná / |
| Mención de responsabilidad, etc. | Teresa Cañedo-Argüelles Fábrega. |
| 260 ## - PUBLICACIÓN, DISTRIBUCIÓN, ETC. | |
| Lugar de publicación, distribución, etc. | Madrid : |
| Nombre del editor, distribuidor, etc. | Centro de Estudios Históricos, Departamento de Historia de América, |
| Fecha de publicación, distribución, etc. | 1988. |
| 300 ## - DESCRIPCIÓN FÍSICA | |
| Extensión | 257 p., [12] h. de lám. col. : |
| Otras características físicas | map. ; |
| Dimensiones | 25 cm. |
| 490 1# - MENCIÓN DE SERIE | |
| Mención de serie | Colección Tierra nueva e cielo nuevo ; |
| Designación de volumen o secuencia | 24 |
| 504 ## - NOTA DE BIBLIOGRAFÍA, ETC. | |
| Nota de bibliografía, etc. | Bibliografía: p. 251-257. |
| 650 14 - PUNTO DE ACCESO ADICIONAL DE MATERIA--TÉRMINO DE MATERIA | |
| Término de materia o nombre geográfico como elemento de entrada | Aculturación- |
| Subdivisión geográfica | Corrientes (Argentina, Provincia)- |
| Subdivisión de forma | Historia. |
| 9 (RLIN) | 169429 |
| 650 14 - PUNTO DE ACCESO ADICIONAL DE MATERIA--TÉRMINO DE MATERIA | |
| Término de materia o nombre geográfico como elemento de entrada | Relaciones étnicas- |
| Subdivisión geográfica | Corrientes (Argentina, Provincia)- |
| Subdivisión de forma | Historia. |
| 9 (RLIN) | 169430 |
| 651 #4 - PUNTO DE ACCESO ADICIONAL DE MATERIA--NOMBRE GEOGRÁFICO | |
| Nombre geográfico | Corrientes (Argentina, Provincia)- |
| Subdivisión general | Colonización. |
| 9 (RLIN) | 169431 |
| 710 2# - ENTRADA AGREGADA--NOMBRE DE ENTIDAD CORPORATIVA | |
| Nombre de entidad corporativa o nombre de jurisdicción como elemento de entrada | Centro de Estudios Históricos (1985-1999) |
| 9 (RLIN) | 2639 |
| 830 0# - PUNTO DE ACCESO ADICIONAL DE SERIE-TÍTULO UNIFORME | |
| Título uniforme | Colección Tierra nueva e cielo nuevo ; |
| Designación de volumen o secuencia | 24 |
| 9 (RLIN) | 179366 |
| 852 ## - LOCALIZACIÓN | |
| Ubicación | ES-MaACL |
| Número de control de estantería | L-19985 |
| Estatus retirado | Estado de pérdida | Estado de daño | No para préstamo | Biblioteca de origen | Biblioteca actual | Ubicación en estantería | Fecha de adquisición | Fuente de adquisición | Total de préstamos | Signatura topográfica completa | Código de barras | Visto por última vez | Precio de reemplazo | Tipo de ítem Koha |
|---|---|---|---|---|---|---|---|---|---|---|---|---|---|---|
| Biblioteca del Ateneo de Madrid | Biblioteca del Ateneo de Madrid | Depósito 2 | 17/01/2008 | L-19985 | 1012998 | 23/02/2023 | 23/02/2023 | Libro impreso |
